| 000 | 00527nam a2200181Ia 4500 | ||
|---|---|---|---|
| 005 | 20250508163354.0 | ||
| 008 | 008 250505s9999 xx 000 0 eng d | ||
| 037 | _aBooks to be hide in OPAC | ||
| 040 |
_aFEDL _beng _cFEDL |
||
| 041 |
_aeng _2eng |
||
| 084 |
_a320.954, GAN/O _qFEDL |
||
| 100 | _aGandhi M K | ||
| 245 | 0 | _aRuskin unto this last : A paraphrase | |
| 260 |
_aAhmedabad, India _bNavjivan Prakashan Mandir _c1956 |
||
| 300 | _a68p. | ||
| 942 |
_cHB _h320.954, GAN/O |
||
| 999 |
_c1382633 _d1382633 |
||